[Event "FIDE World Blitz 2013"]
[Site "Khanty-Mansiysk RUS"]
[Date "2013.06.10"]
[Round "27.17"]
[White "Pridorozhni,A"]
[Black "Artemiev,V"]
[Result "0-1"]
[WhiteElo "2512"]
[BlackElo "2524"]

1.e4 c5 2.Nf3 d6 3.Bb5+ Nd7 4.d4 cxd4 5.Qxd4 a6 6.Bxd7+ Bxd7 7.a4 e5 8.Qd3 h6
9.c4 Nf6 10.Nc3 Be7 11.O-O O-O 12.b3 Qc7 13.Ba3 Be6 14.Rfd1 Rad8 15.Ne1 Qb6
16.Rab1 Ng4 17.Qe2 f5 18.h3 Nf6 19.Nd3 Nxe4 20.Nxe4 fxe4 21.Qxe4 d5 22.Qg6 Bxa3
23.c5 Qc6 24.Nxe5 Qe8 25.Qxe8 Rfxe8 26.Nd3 Bf5 27.b4 a5 28.Rb3 Bxd3 29.Rxa3 Bc2
30.Rd4 axb4 31.Rxb4 Re7 32.Rd4 Rc7 33.Rc3 Bf5 34.a5 Be6 35.Re3 Bf7 36.Rb4 Rxc5
37.Rxb7 Rxa5 38.Ree7 Rf8 39.Rbd7 Raa8 40.Kf1 Rae8 41.g4 Rxe7 42.Rxe7 Rd8
43.Rc7 d4 44.Ke1 d3 45.Kd2 Rd4 46.Rc5 g5 47.Rc6 Kg7 48.Rc7 Kf6 49.Rc6+ Be6
50.Ra6 Ke5 51.Rb6 Rd6 52.Rb4 Bd7 53.Rc4 Bc6 54.Rc5+ Kd4 55.Rf5 Re6 56.Rf8 Re2+
57.Kc1 d2+ 58.Kd1 Ba4+  0-1

[Event "FIDE World Blitz 2013"]
[Site "Khanty-Mansiysk RUS"]
[Date "2013.06.10"]
[Round "27.21"]
[White "Ghaem Maghami,E"]
[Black "Salem,AR"]
[Result "1-0"]
[WhiteElo "2554"]
[BlackElo "2531"]

1.e4 c5 2.Nf3 d6 3.Bb5+ Bd7 4.Bxd7+ Qxd7 5.O-O Nc6 6.Qe2 g6 7.c3 Bg7 8.Rd1 Nf6
9.d4 cxd4 10.cxd4 d5 11.e5 Ne4 12.Ne1 h6 13.Be3 O-O 14.f3 Ng5 15.Nc3 Ne6
16.f4 f5 17.Nf3 Kh7 18.Kh1 a6 19.h3 b5 20.Rg1 b4 21.Nd1 Na5 22.b3 Qb5 23.Qd2 Rac8
24.g4 Rc6 25.gxf5 Rxf5 26.Nf2 Rh5 27.Rac1 Nf8 28.Kh2 e6 29.Rxc6 Nxc6 30.Qd3 Qb7
31.Nh1 Rf5 32.Ng3 Ne7 33.h4 Kg8 34.h5 gxh5 35.Nh4 Qb5 36.Qxb5 axb5 37.Nhxf5 Nxf5
38.Nxf5 exf5 39.Rc1 Ne6 40.Rc6 Kf7 41.Rd6 Bf8 42.Rxd5  1-0

[Event "FIDE World Blitz 2013"]
[Site "Khanty-Mansiysk RUS"]
[Date "2013.06.10"]
[Round "28.5"]
[White "Nepomniachtchi,I"]
[Black "Dubov,Danii"]
[Result "1-0"]
[WhiteElo "2717"]
[BlackElo "2638"]

1.e4 c5 2.Nf3 d6 3.Bb5+ Bd7 4.Bxd7+ Qxd7 5.c4 Nc6 6.d4 cxd4 7.Nxd4 g6 8.Nc3 Bg7
9.Be3 Nf6 10.h3 O-O 11.O-O Nxd4 12.Bxd4 Qc6 13.Qd3 e6 14.Rac1 Rfd8 15.Rfd1 Ne8
16.Bxg7 Nxg7 17.b3 a6 18.Qe3 Qc5 19.Qxc5 dxc5 20.Na4 Rxd1+ 21.Rxd1 Rc8 22.Nb6 Rb8
23.Nd7 Rc8 24.Nf6+ Kf8 25.Rd7 b5 26.Nxh7+ Kg8 27.Nf6+ Kf8 28.Ra7 bxc4 29.bxc4 e5
30.Nd7+ Kg8 31.Nxe5 Re8 32.Ng4 Rd8 33.Nh6+ Kh7 34.Nxf7 Rd1+ 35.Kh2 Rd2 36.f4 Rxa2
37.Ng5+ Kh6 38.e5 Rf2 39.Kg3 Rc2 40.e6 Nh5+ 41.Kh4 Ng7 42.g4 Rxc4 43.Rxg7 Kxg7
44.e7 Re4 45.Nxe4 Kf7 46.Nxc5  1-0

[Event "Zonal 3.4 Women 2013"]
[Site "Osh KGZ"]
[Date "2013.06.10"]
[Round "4"]
[White "Muminova,N"]
[Black "Kurbonboeva,Sarvinoz"]
[Result "1/2-1/2"]
[WhiteElo "2321"]
[BlackElo "2097"]

1.e4 c5 2.Nf3 d6 3.Bb5+ Bd7 4.Bxd7+ Qxd7 5.c4 Nf6 6.Nc3 Nc6 7.d4 cxd4 8.Nxd4 g6
9.h3 Bg7 10.Be3 O-O 11.O-O Rfc8 12.b3 Qd8 13.Rc1 Nd7 14.Qd2 Qa5 15.Rfd1 Nc5
16.Nde2 a6 17.Rb1 Re8 18.f3 Rac8 19.Qb2 Qc7 20.Qc1 a5 21.Nd5 Qb8 22.Nec3 Rcd8
23.Bh6 Be5 24.Kh1 Nd4 25.Qg5 Nc6 26.Nb5 Ne6 27.Qh4 Rd7 28.f4 Bh8 29.f5 Nc5
30.Rf1 Qd8 31.Bg5 f6 32.Be3 e6 33.Nxd6 Rxd6 34.Bxc5 exd5 35.Bxd6 Qxd6 36.exd5 Ne5
37.Qd4 b6 38.Rbc1 Nd7 39.a3 Bg7 40.b4 axb4 41.axb4 Qxb4 42.Ra1 Qc5 43.Qxc5 bxc5
44.Ra7 Ne5 45.Rc7 Nxc4 46.Rxc5 Nd6 47.fxg6 Ne4 48.Re1 Nf2+ 49.Kh2 Rxe1 50.Rc8+ Bf8
51.gxh7+ Kxh7 52.Rxf8 Kg7 53.Ra8 Rd1 54.Ra5 Ne4 55.h4 Nc3 56.g4 Nxd5 57.g5 Rd2+
58.Kg3 Rd3+ 59.Kg4 Rd4+ 60.Kf5 Ne3+ 61.Ke6 Re4+ 62.Kd7 f5 63.h5 f4 64.Ra7 Nf5
65.Kd8+ Re7 66.Ra4 f3 67.Rf4 Rf7 68.Rxf3 Rf8+ 69.Kc7 Rf7+ 70.Kb6 Nd4 71.Rxf7+ Kxf7
72.g6+ Kg8 73.Kc7 Ne6+ 74.Kd6 Nf4 75.Ke5 Nxh5  1/2-1/2

[Event "2nd Grand Europe Open 2013"]
[Site "Golden Sands BUL"]
[Date "2013.06.12"]
[Round "3.22"]
[White "G.,A"]
[Black "Parligras,M"]
[Result "1/2-1/2"]
[WhiteElo "2380"]
[BlackElo "2565"]

1.e4 c5 2.Nf3 d6 3.Bb5+ Nd7 4.d4 cxd4 5.Qxd4 a6 6.Bxd7+ Bxd7 7.c4 Rc8 8.O-O Qc7
9.Na3 Nf6 10.Bg5 Ng4 11.Rac1 e6 12.b4 f6 13.Bd2 Be7 14.h3 Ne5 15.Nh2 O-O
16.f4 Nc6 17.Qe3 f5 18.Nc2 fxe4 19.Qxe4 b5 20.Nf3 bxc4 21.Qxc4 Ne5 22.Qxa6 Ra8
23.Qe2 Nxf3+ 24.Qxf3 Rxa2 25.Nd4 Qb6 26.Be3 Qxb4 27.Rc7 Bf6 28.Rxd7 Bxd4
29.Qe4 Bxe3+ 30.Qxe3 Re8 31.Rc1 Kh8 32.Qxe6 Raa8 33.Qxd6 Qxd6 34.Rxd6 Rf8
35.Rc4 Rf7 36.Kh2 g6 37.h4 Kg7 38.Rd5 Rb8 39.h5 Rbf8 40.Kg3 Rf5 41.Rd7+ R8f7
42.Rxf7+ Rxf7 43.Kh4 Kh6 44.g3 Rf5 45.g4 Rxf4 46.Rxf4 g5+ 47.Kg3 gxf4+ 48.Kxf4 Kg7
49.Kg5 h6+ 50.Kf5 Kf7 51.Ke5 Ke7 52.Kd5 Kf6 53.Ke4 Kg5 54.Kf3 Kf6 55.Kf4 Ke6
56.Ke4 Kf6 57.Kf4 Ke6 58.g5 hxg5+ 59.Kxg5 Kf7  1/2-1/2

[Event "Zonal 3.4 Women 2013"]
[Site "Osh KGZ"]
[Date "2013.06.12"]
[Round "6"]
[White "Muminova,N"]
[Black "Velieva,H"]
[Result "1-0"]
[WhiteElo "2321"]
[BlackElo "1995"]

1.e4 c5 2.Nf3 d6 3.Bb5+ Nd7 4.a4 Nf6 5.d3 a6 6.Bc4 e6 7.Nc3 Be7 8.O-O O-O
9.h3 b6 10.Bf4 Bb7 11.Bb3 d5 12.e5 Ne8 13.Qe2 Nc7 14.Rae1 b5 15.d4 b4 16.Nd1 a5
17.c4 bxc3 18.bxc3 Ba6 19.Qe3 Bxf1 20.Rxf1 cxd4 21.cxd4 Na6 22.Bc2 Nb4 23.Bb1 Nb6
24.Ng5 g6 25.Qg3 Kg7 26.h4 Qc8 27.h5 Qe8 28.Ne3 Rh8 29.Ng4 Nd7 30.Nh6 Bxg5
31.Bxg5 Nc6 32.Qf4 Rb8 33.Bf6+ Nxf6 34.exf6+ Kf8 35.Qd6+ Ne7 36.fxe7+ Kg7
37.Ng4 f6 38.Qxe6  1-0

[Event "27th Pula Open 2013"]
[Site "Pula CRO"]
[Date "2013.06.12"]
[Round "6.14"]
[White "Popovic,Milan S"]
[Black "Zelbel,P"]
[Result "1/2-1/2"]
[WhiteElo "2178"]
[BlackElo "2397"]

1.e4 c5 2.Nf3 d6 3.Bb5+ Nd7 4.d4 cxd4 5.Qxd4 a6 6.Bxd7+ Bxd7 7.Nc3 e5 8.Qd3 h6
9.O-O Nf6 10.Be3 Rc8 11.a4 Be7 12.Nd2 Qc7 13.Rfc1 O-O 14.Nd5 Nxd5 15.exd5 f5
16.f3 Bf6 17.Ra2 Bg5 18.c4 Bxe3+ 19.Qxe3 a5 20.b3 b6 21.Nb1 Qc5 22.Qxc5 bxc5
23.Nc3 g5 24.Nb5 Rf6 25.Re1 Kf7 26.g3 Rg8 27.Rg2 Rfg6 28.Ree2 Ke7 29.Rd2 f4
30.g4 h5 31.h3 Rh6 32.Rh2 Rgh8 33.Nc3 Rb8 34.Nb5 Rbh8 35.Nc3  1/2-1/2

[Event "2nd Grand Europe Open 2013"]
[Site "Golden Sands BUL"]
[Date "2013.06.13"]
[Round "4.28"]
[White "Das,Say"]
[Black "Bernadskiy,V"]
[Result "0-1"]
[WhiteElo "2332"]
[BlackElo "2475"]

1.e4 c5 2.Nf3 d6 3.Bb5+ Nd7 4.c3 Nf6 5.Qe2 a6 6.Ba4 e5 7.O-O c4 8.Bc2 Qc7
9.a4 Qc6 10.Na3 b5 11.axb5 axb5 12.d3 Bb7 13.Re1 h6 14.Bd2 Rc8 15.d4 Ba6
16.Bb1 Be7 17.Nc2 Bb7 18.Nb4 Qc7 19.Bc2 O-O 20.Nh4 Rfe8 21.Nf5 Bf8 22.d5 Nh7
23.Qf3 g6 24.Ng3 Bg7 25.h4 h5 26.Nf1 Bh6 27.Bg5 Kg7 28.Bxh6+ Kxh6 29.Qe3+ Kg7
30.f3 Ra8 31.g3 Nc5 32.Kg2 Nd7 33.Rxa8 Rxa8 34.f4 Qd8 35.Qf2 Ndf6 36.Nh2 Qe7
37.f5 Qd7 38.Qe3  0-1

[Event "27th Pula Open 2013"]
[Site "Pula CRO"]
[Date "2013.06.13"]
[Round "7.4"]
[White "Aabling Thomsen,J"]
[Black "Zufic,M"]
[Result "0-1"]
[WhiteElo "2343"]
[BlackElo "2441"]

1.e4 c5 2.Nf3 d6 3.Bb5+ Nc6 4.O-O Bd7 5.Re1 Nf6 6.c3 a6 7.Bf1 e5 8.h3 Be7
9.d4 Qc7 10.d5 Nd8 11.a4 b6 12.Nbd2 O-O 13.Nc4 Ne8 14.g4 f6 15.Nh2 Nf7 16.Qf3 g6
17.Qg3 Kh8 18.f4 exf4 19.Bxf4 Ng7 20.Nf3 Ne5 21.Be2 b5 22.axb5 axb5 23.Rxa8 Rxa8
24.Ncxe5 fxe5 25.Nxe5 dxe5 26.Bxe5 Qd8 27.Rf1 Kg8 28.Qf2 Qe8 29.d6 Bh4 30.Qxc5 Rc8
31.Qd5+ Qe6 32.Qd4 Ne8 33.Bf4 Nf6 34.e5 Nd5 35.Bh6 g5 36.Rf5 Nf4 37.Rxf4 gxf4
38.Bxf4 Bc6 39.Bd3 Rf8 40.Bf5 Rxf5 41.gxf5 Qxf5 42.Qd2 Qb1+ 43.Qc1 Qe4  0-1

[Event "Portuguese Masters"]
[Site "Sintra POR"]
[Date "2013.06.13"]
[Round "5.4"]
[White "Martins,Dav"]
[Black "Diogo,V"]
[Result "1-0"]
[WhiteElo "2179"]
[BlackElo "2292"]

1.e4 c5 2.Nf3 d6 3.Bb5+ Bd7 4.Bxd7+ Qxd7 5.O-O Nf6 6.Qe2 Nc6 7.Rd1 e6 8.b3 Be7
9.Bb2 e5 10.d4 cxd4 11.c3 dxc3 12.Nxc3 O-O 13.Rd2 Qg4 14.h3 Qh5 15.Rad1 Rfd8
16.Qe3 Ne8 17.Nd5 Bf8 18.b4 Kh8 19.b5 Na5 20.Rc2 f5 21.Qg5 Qxg5 22.Nxg5 Rdc8
23.Rxc8 Rxc8 24.exf5 Rc2 25.Bc3 Nc4 26.Ne4 Rxa2 27.Rc1 Kg8 28.Bb4 Nb6 29.Nxb6 axb6
30.Rc8 Kf7 31.Ng5+ Ke7 32.Rb8 Nf6 33.Rxb7+ Nd7 34.Nxh7 Ra1+ 35.Kh2 Rb1 36.Bd2 Ke8
37.Nxf8 Nxf8 38.Rxg7 Rxb5 39.Bg5 Rc5 40.Re7+ Kd8 41.Ra7+ Ke8 42.f6 Nd7 43.f7+ Kxf7
44.Rxd7+ Ke6 45.Rb7 d5 46.Rxb6+ Kf5 47.h4 e4 48.Be3 Rc8 49.h5 Ke5 50.g4  1-0

[Event "2nd Grand Europe Open 2013"]
[Site "Golden Sands BUL"]
[Date "2013.06.14"]
[Round "5.17"]
[White "Anurag,M"]
[Black "Arun Prasad,S"]
[Result "0-1"]
[WhiteElo "2401"]
[BlackElo "2522"]

1.e4 c5 2.Nf3 d6 3.Bb5+ Nd7 4.d4 cxd4 5.Qxd4 a6 6.Bxd7+ Bxd7 7.Bg5 Rc8 8.Nc3 h6
9.Bh4 e5 10.Qa7 g5 11.Bg3 Bc6 12.Rd1 Qa5 13.O-O Nf6 14.Nd4 exd4 15.Qxd4 Be7
16.b4 Qd8 17.e5 Nd7 18.Nd5 dxe5 19.Bxe5 O-O 20.Bg7 Bxd5 21.Bxh6 Nf6 22.Qe5 Kh7
23.Bxf8 Qxf8 24.Rd3 Be6 25.f4 g4 26.Rg3 Rd8 27.h3 Rd5 28.Qe2 Bxb4 29.f5 Bxf5  0-1

[Event "2nd Grand Europe Open 2013"]
[Site "Golden Sands BUL"]
[Date "2013.06.14"]
[Round "5.35"]
[White "G.,A"]
[Black "Berescu,A"]
[Result "1/2-1/2"]
[WhiteElo "2380"]
[BlackElo "2461"]

1.e4 c5 2.Nf3 d6 3.Bb5+ Bd7 4.Bxd7+ Qxd7 5.c4 Nf6 6.Nc3 g6 7.d4 cxd4 8.Nxd4 Bg7
9.h3 O-O 10.O-O Nc6 11.Be3 Rac8 12.b3 a6 13.Rc1 e6 14.Nde2 b5 15.cxb5 axb5
16.Nxb5 Nxe4 17.f3 Nb4 18.a4 Nd5 19.Bd4 Rxc1 20.Qxc1 Bxd4+ 21.Nexd4 Nc5 22.Nc3 Nb4
23.Ndb5 d5 24.Ne4 Nxe4 25.fxe4 dxe4 26.Qc4 Nd3 27.Qxe4 f5 28.Qd4 Qxd4+ 29.Nxd4 e5
30.Nc6 Rf6 31.Na5 e4 32.Rd1 Rb6 33.Kf1 Kf7 34.Ke2 Nc5 35.Ra1 Ne6 36.Ra3 Nd4+  1/2-1/2

[Event "2nd Grand Europe Open 2013"]
[Site "Golden Sands BUL"]
[Date "2013.06.15"]
[Round "6.42"]
[White "Baciu,D"]
[Black "Karavade,E"]
[Result "0-1"]
[WhiteElo "2249"]
[BlackElo "2398"]

1.e4 c5 2.Nf3 d6 3.Bb5+ Nd7 4.d4 cxd4 5.Qxd4 a6 6.Bxd7+ Bxd7 7.Nc3 Rc8 8.O-O e5
9.Qd3 h6 10.Be3 Nf6 11.h3 Be7 12.a4 O-O 13.Rfd1 Be6 14.Nh4 Qc7 15.Nf5 Bxf5
16.exf5 Rfd8 17.Nd5 Nxd5 18.Qxd5 Qc6 19.c3 Bg5 20.Kh1 Kf8 21.a5 Bxe3 22.fxe3 Qxd5
23.Rxd5 Rc5 24.Rd2 Ke7 25.Ra4 Kf6 26.g4 Ke7 27.Kg2 Rdc8 28.Kf3 Rb5 29.Ra3 d5
30.e4 dxe4+ 31.Kxe4 Rc4+ 32.Ke3 h5 33.Rg2 hxg4 34.hxg4 Kf6 35.Ra1 Kg5 36.Rd1 Rxg4
37.Rxg4+ Kxg4 38.Ke4 Rxb2 39.Rg1+ Kh5 40.Kxe5 Re2+ 41.Kf4 Rf2+ 42.Ke5 g6
43.fxg6 fxg6 44.Rh1+ Kg5 45.Rg1+ Kh6 46.Rh1+ Kg7 47.Rb1 Rf7 48.Ke6 g5 49.c4 Kg6
50.c5 Rg7 51.c6 bxc6 52.Kd6 g4 53.Kc5 Kf5 54.Kb6 g3 55.Kxa6 c5 56.Rc1 g2
57.Rg1 c4 58.Kb6 Kf4 59.a6 Kg3 60.Kb5 c3 61.Kb4 Rc7 62.Ra1 c2  0-1

[Event "Kings Place Rapid 2013"]
[Site "London ENG"]
[Date "2013.06.15"]
[Round "6.4"]
[White "Ansell,S"]
[Black "Palliser,R"]
[Result "1/2-1/2"]
[WhiteElo "2382"]
[BlackElo "2453"]

1.e4 c5 2.Nf3 d6 3.Bb5+ Bd7 4.Bxd7+ Qxd7 5.O-O Nf6 6.Re1 Nc6 7.b3 g6 8.Bb2 Bg7
9.c4 e5 10.Nc3 O-O 11.h3  1/2-1/2

[Event "2nd Grand Europe Open 2013"]
[Site "Golden Sands BUL"]
[Date "2013.06.16"]
[Round "7.47"]
[White "Sanduleac,V"]
[Black "Primbetov,K"]
[Result "1/2-1/2"]
[WhiteElo "2414"]
[BlackElo "2225"]

1.e4 c5 2.Nf3 d6 3.Bb5+ Bd7 4.Bxd7+ Nxd7 5.O-O Ngf6 6.Qe2 e6 7.c3 Be7 8.d4 cxd4
9.cxd4 d5 10.e5 Ne4 11.Be3 O-O 12.Ne1 f6 13.f3 Ng5 14.Nd3 Qb6 15.Nd2 Qa6
16.Nb3 fxe5 17.dxe5 Nf7 18.f4 Nh6 19.Ndc1 Nf5 20.Qxa6 bxa6 21.Bf2 g5 22.Nd3 Rfc8
23.g4 Ng7 24.fxg5 Rc4 25.Nd4 Bxg5 26.b3 Rc3 27.Rad1 Bd8 28.Nf3 a5 29.Rd2 a4
30.bxa4 Rc4 31.h3 Ba5 32.Rb2 Rf8 33.Kg2 Nb6 34.Bc5 Nxa4 35.Bxf8 Nxb2 36.Nxb2 Rc2+
37.Rf2 Rxf2+ 38.Kxf2 Kxf8 39.Ke3 Bb6+ 40.Kf4 Ke7 41.h4 Ne8 42.h5 Nc7 43.Nd3 Nb5
44.g5 a5 45.g6 h6 46.Nh2 Nd4 47.Ng4 Nf5 48.Kf3 Bd4 49.Nf4 Bb2 50.a4 Bc1 51.Nd3 Bg5
52.Ngf2 Bd2 53.Nc5 Nd4+ 54.Kg4 Bc3 55.Nfd3 Nc6 56.Nb3 Ke8 57.Kf3 Kf8 58.Ke3 Ke8
59.Kf4 Ke7 60.Nbc5 Bd2+ 61.Kf3 Bc3 62.Nb3 Kf8 63.Ke2 Ke7 64.Kd1 Ke8 65.Kc2 Bxe5
66.Nxa5 Nd4+ 67.Kd1 Bc7 68.Nb7 Nf5 69.a5 Bxa5 70.Nxa5 Ng7 71.Nf4 Ke7 72.Nc6+ Kf6
73.Nd4 e5 74.Nxd5+ Kg5 75.Nf3+ Kxh5 76.Nxe5 Kg5 77.Ne3 Kf6 78.N3c4 Ne6  1/2-1/2

[Event "2nd Grand Europe Open 2013"]
[Site "Golden Sands BUL"]
[Date "2013.06.16"]
[Round "7.23"]
[White "Stany,G"]
[Black "Grover,S"]
[Result "0-1"]
[WhiteElo "2384"]
[BlackElo "2478"]

1.e4 c5 2.Nf3 d6 3.Bb5+ Nd7 4.d4 cxd4 5.Qxd4 a6 6.Bxd7+ Bxd7 7.c4 Nf6 8.Nc3 g6
9.b3 Bg7 10.Bb2 O-O 11.O-O Bc6 12.Nd5 e5 13.Qe3 Nxd5 14.cxd5 Bb5 15.Rfe1 f5
16.a4 f4 17.Qc3 Be8 18.Rac1 Rf7 19.Ba3 g5 20.h3 h5 21.Nh2 b5 22.a5 Bf8 23.Re2 Bd7
24.Qc7 Qe8 25.Qb6 Rb8 26.Rec2 Rxb6 27.axb6 Qb8 28.Nf3 b4 29.Bxb4 Qxb6  0-1

[Event "Caissa IM June 2013"]
[Site "Kecskemet HUN"]
[Date "2013.06.16"]
[Round "3.3"]
[White "Estrada Nieto,J"]
[Black "Meszaros,An"]
[Result "1-0"]
[WhiteElo "2249"]
[BlackElo "2267"]

1.e4 c5 2.Nf3 d6 3.Bb5+ Bd7 4.Bxd7+ Qxd7 5.O-O Nc6 6.c3 g6 7.d4 Bg7 8.d5 Ne5
9.Nxe5 Bxe5 10.Nd2 Bf4 11.Nf3 Bxc1 12.Rxc1 h5 13.c4 h4 14.h3 f6 15.a3 g5
16.Nh2 e5 17.dxe6 Qxe6 18.Ng4 O-O-O 19.Re1 Ne7 20.Ne3 Kb8 21.b4 Nc6 22.Nd5 Ne5
23.f3 f5 24.exf5 Qxf5 25.Rc3 cxb4 26.axb4 Rhe8 27.Rce3  1-0

[Event "DYTM Raja Nazrin Shah Masters"]
[Site "Kuala Lumpur MAS"]
[Date "2013.06.16"]
[Round "5.4"]
[White "Tiviakov,S"]
[Black "Padmini,R"]
[Result "1-0"]
[WhiteElo "2644"]
[BlackElo "2347"]

1.e4 c5 2.Nf3 d6 3.Bb5+ Nc6 4.O-O Bd7 5.Re1 Nf6 6.c3 a6 7.Ba4 b5 8.Bc2 Bg4
9.a4 Rb8 10.axb5 axb5 11.d4 cxd4 12.cxd4 e5 13.d5 Nd4 14.Nbd2 Be7 15.h3 Nxc2
16.Qxc2 Bd7 17.Nb3 Ra8 18.Bd2 Rxa1 19.Rxa1 O-O 20.Bb4 Qc8 21.Qxc8 Rxc8 22.Nxe5 dxe5
23.Bxe7 Nxe4 24.Ra7 Be8 25.d6 f5 26.f3 Ng3 27.d7 Bxd7 28.Rxd7 Rc2 29.Rd2 Rxd2
30.Nxd2 Kf7 31.Bb4 Ne2+ 32.Kf2 Nf4 33.Ba5 Ke6 34.b3 Kd5 35.Bb6 g6 36.h4 Nd3+
37.Ke3 Ne1 38.g3 Nc2+ 39.Kd3 Nb4+ 40.Ke2 Nc6 41.Ke3 Nb4 42.Nb1 Nc2+ 43.Kd2 Nb4
44.Nc3+ Ke6 45.Bd8  1-0

[Event "US Juniors 2013"]
[Site "Saint Louis USA"]
[Date "2013.06.18"]
[Round "5.5"]
[White "Liou,Y"]
[Black "Perez,Rob"]
[Result "0-1"]
[WhiteElo "2385"]
[BlackElo "2359"]

1.e4 c5 2.Nf3 d6 3.Bb5+ Nd7 4.d4 cxd4 5.Qxd4 a6 6.Bxd7+ Bxd7 7.O-O e5 8.Qd3 h6
9.c4 Nf6 10.b3 Be7 11.Nc3 O-O 12.a4 Bc6 13.Nd2 Nh5 14.g3 Nf6 15.Rd1 Qc8 16.f3 Bd8
17.Nf1 Bb6+ 18.Be3 Bc7 19.Bf2 g6 20.Ne3 Qe6 21.Kg2 Rfd8 22.Ra2 h5 23.Ncd5 Bxd5
24.Nxd5 Nxd5 25.Qxd5 Qxd5 26.Rxd5 b6 27.Rad2 f6 28.R2d3 Kf7 29.Be1 Ke6 30.Bc3 f5
31.Re3 g5 32.exf5+ Kxf5 33.Bd2 Rg8 34.Kf1 Raf8 35.Bb4 Ke6 36.Ke2 Rg6 37.Rdxe5+ dxe5
38.Bxf8 g4 39.Ba3 gxf3+ 40.Kxf3 Rf6+ 41.Ke2 Rg6 42.c5 bxc5 43.Bxc5 Kd5 44.Ba7 e4
45.Rc3 Bd6 46.Bf2 Rg8 47.Be3 Rb8 48.Kd1 Rf8 49.Ke2 Rb8 50.Bf4 Bxf4 51.gxf4 Kd4
52.Rh3 Rg8 53.Rg3 Rc8 54.Kd2 h4 55.Rg6 e3+ 56.Kd1 Kd3 57.Rd6+ Ke4 58.f5 Kf3
59.f6 e2+ 60.Kd2 Kf2  0-1

[Event "12th TCh-BIH Prem"]
[Site "Sarajevo BIH"]
[Date "2013.06.18"]
[Round "4.4"]
[White "Popovic,Du"]
[Black "Kovacevic,A"]
[Result "1/2-1/2"]
[WhiteElo "2562"]
[BlackElo "2557"]

1.e4 c5 2.Nf3 d6 3.Bb5+ Bd7 4.Bxd7+ Qxd7 5.O-O Nc6 6.c3 Nf6 7.Re1 e6 8.d4 cxd4
9.cxd4 d5 10.e5 Ne4 11.Nbd2 Nxd2 12.Bxd2 Bb4 13.Rc1 Bxd2 14.Qxd2 O-O 15.Rc3 Rfc8
16.Rec1 Ne7 17.Kf1 Rxc3 18.Rxc3 Rc8 19.Ke1 h6 20.h3 Rxc3 21.Qxc3 Qa4 22.a3 Nc6  1/2-1/2

[Event "8th Teplice Open 2013"]
[Site "Teplice CZE"]
[Date "2013.06.18"]
[Round "4.27"]
[White "Kantans,T"]
[Black "Ulanowski,K"]
[Result "1-0"]
[WhiteElo "2320"]
[BlackElo "2083"]

1.e4 c5 2.Nf3 d6 3.Bb5+ Nc6 4.O-O Bd7 5.Re1 e5 6.c3 a6 7.Bf1 Nf6 8.h3 Be7
9.d4 O-O 10.a4 Qc7 11.Na3 Rfe8 12.d5 Na7 13.Nc4 b5 14.axb5 axb5 15.Na5 Nc8
16.b4 Bd8 17.g4 h6 18.g5 hxg5 19.Nxg5 c4 20.Qf3 Ne7 21.Be2 Qc8 22.Kh2 Bxa5
23.bxa5 Qc7 24.Rg1 Rf8 25.Qxf6  1-0

[Event "5th Lublin Union Mem GM"]
[Site "Lublin POL"]
[Date "2013.06.19"]
[Round "5.4"]
[White "Zawadzka,J"]
[Black "Duda,J"]
[Result "1/2-1/2"]
[WhiteElo "2391"]
[BlackElo "2539"]

1.e4 c5 2.Nf3 d6 3.Bb5+ Bd7 4.Bxd7+ Qxd7 5.O-O Nf6 6.Qe2 Nc6 7.c3 e6 8.d4 cxd4
9.cxd4 d5 10.e5 Ne4 11.Be3 Be7 12.Ne1 f6 13.f3 Ng5 14.Nd3 Nf7 15.f4 O-O 16.Nd2 Rac8
17.Nf3 b6 18.Rac1 Nh6 19.Rfe1 Rc7 20.h3 f5 21.Rc2 Rfc8 22.Rec1 a5 23.Rc3 Nf7
24.a3 Nb8 25.Rxc7 Rxc7 26.Qd1 Nd8 27.Rxc7 Qxc7 28.Qc1 Qd7 29.Qc2 a4 30.Bd2 Na6
31.Kf2 Kf8 32.Ke3 Ke8 33.Be1 Nb7 34.g4 g6 35.Ng1 Kd8 36.Ne2 b5 37.Nec1 Nb8
38.Na2 Nc6 39.g5 Nba5 40.Bxa5+ Nxa5 41.Nab4 Nc4+ 42.Kf3 h6 43.gxh6 Bxb4 44.axb4 Qh7
45.Kg3 Qxh6 46.b3 axb3 47.Qxb3 g5 48.Qa2 Qh4+ 49.Kh2 gxf4 50.Qa8+ Ke7 51.Qb7+ Kf8
52.Qc8+ Kf7 53.Qd7+ Qe7 54.Qxb5 f3 55.Qa4 Ne3 56.Kg3 f4+ 57.Kxf3 Nf5 58.Nxf4 Nxd4+
59.Ke3 Nf5+ 60.Kd3 Qc7 61.Qb5 Ne7 62.Qc5 Nc6 63.Qf8+ Kxf8 64.Nxe6+ Ke7 65.Nxc7 Nxe5+
66.Kd4 Nc6+ 67.Kc5 Nxb4 68.Kxb4 Kf6 69.Nxd5+ Kg5 70.Kc4 Kh4 71.Nf4 Kg3 72.Nd5  1/2-1/2

[Event "12th TCh-BIH Prem"]
[Site "Sarajevo BIH"]
[Date "2013.06.19"]
[Round "5.2"]
[White "Kosic,D"]
[Black "Popovic,Du"]
[Result "1/2-1/2"]
[WhiteElo "2501"]
[BlackElo "2562"]

1.e4 c5 2.Nf3 d6 3.Bb5+ Bd7 4.Bxd7+ Qxd7 5.c4 Nc6 6.h3 Nf6 7.Nc3 g6 8.d4 cxd4
9.Nxd4 Bg7 10.Be3 O-O 11.O-O  1/2-1/2

[Event "12th TCh-BIH Prem"]
[Site "Sarajevo BIH"]
[Date "2013.06.19"]
[Round "5.3"]
[White "Bilic,V"]
[Black "Bulajic,R"]
[Result "1-0"]
[WhiteElo "2290"]
[BlackElo "2307"]

1.e4 c5 2.Nf3 d6 3.Bb5+ Bd7 4.Bxd7+ Qxd7 5.c4 g6 6.d4 cxd4 7.Nxd4 Bg7 8.Nc3 Nc6
9.Be3 Nf6 10.f3 O-O 11.O-O a6 12.Rc1 Rac8 13.b3 Qd8 14.Qd2 Nd7 15.Nxc6 bxc6
16.Bh6 Bxh6 17.Qxh6 e5 18.Rfd1 Nc5 19.Qe3 a5 20.Na4 Nxa4 21.bxa4 Qc7 22.Rd3 Rb8
23.a3 Rfd8 24.Rcd1 c5 25.Qd2 Qb6 26.h4 Kg7 27.h5 h6 28.hxg6 fxg6 29.f4 exf4
30.Qxf4 Qc7 31.Rxd6 Rxd6 32.Rxd6 Rb1+ 33.Kh2 Qe7 34.Rc6 Rb7 35.e5 Rd7 36.e6 Rb7
37.Qe5+ Qf6 38.Rxc5 Qxe5+ 39.Rxe5 Kf6 40.Rxa5 Kxe6 41.Ra6+ Kf5 42.a5 Rb3
43.Ra8 Kg4 44.a6 Rb6 45.a7 Rb7 46.Rg8 Rxa7 47.Rxg6+ Kf4 48.Rxh6 Rxa3 49.Rc6 Rc3
50.Rc8 Ke5 51.g3 Kd6 52.Kh3 Kd7 53.Rc5 Ke6 54.Kh4 Rc1 55.Kg5 Rg1 56.g4 Rc1
57.Kg6 Kd6 58.Rf5 Rxc4 59.g5 Ke7 60.Kg7 Re4 61.g6 Re1 62.Kg8 Ke6 63.Rf2 Ke7
64.g7 Ra1 65.Rh2 Rg1 66.Kh8 Kf7 67.Rf2+ Ke7 68.g8=Q  1-0

[Event "III Marcel Duchamp Boca Jun Op"]
[Site "Buenos Aires ARG"]
[Date "2013.06.20"]
[Round "1.22"]
[White "Garcia Ciuffani,Mirco"]
[Black "Sosa,T ARG"]
[Result "0-1"]
[WhiteElo "1758"]
[BlackElo "2234"]

1.e4 c5 2.Nf3 d6 3.Bb5+ Bd7 4.a4 Nc6 5.O-O Nf6 6.Re1 e6 7.d3 Be7 8.Bxc6 Bxc6
9.e5 Nd7 10.Bf4 d5 11.Qd2 h6 12.h3 g5 13.Bh2 h5 14.g4 hxg4 15.hxg4 Qc7 16.Nc3 a6
17.Kg2 d4 18.Ne4 Rxh2+ 19.Kxh2 Nxe5 20.Nxe5 Qxe5+ 21.Ng3 Qd5 22.Re4 O-O-O
23.f4 f5 24.Re5 Rh8+  0-1

[Event "12th TCh-BIH Prem"]
[Site "Sarajevo BIH"]
[Date "2013.06.20"]
[Round "6.1"]
[White "Muratovic,En"]
[Black "Saric,Ib"]
[Result "0-1"]
[WhiteElo "2289"]
[BlackElo "2572"]

1.e4 c5 2.Nf3 d6 3.Bb5+ Bd7 4.Bxd7+ Qxd7 5.O-O Nf6 6.Re1 Nc6 7.b3 g6 8.Bb2 Bg7
9.h3 O-O 10.d3 d5 11.exd5 Qxd5 12.Nc3 Qd6 13.Qd2 Rad8 14.Rad1 Nd4 15.Nxd4 cxd4
16.Ne4 Qc7 17.c4 dxc3 18.Qxc3 Qxc3 19.Bxc3 Nd5 20.Bxg7 Kxg7 21.d4 b6 22.Rc1 Rd7
23.Rc4 Nf4 24.Ng5 b5 25.Rc6 Nd3 26.Re2 Rfd8 27.Nf3 f6 28.g3 Nb4 29.Rc5 a6
30.a3 Nd5 31.Rc6 Rd6 32.Rxd6 Rxd6 33.Rc2 g5 34.Kf1 h5 35.Ke2 Kf7 36.Rc5 Nb6
37.Ke3 Nd7 38.Rc8 Nb6 39.Rc5 Nd5+ 40.Ke4 e6 41.h4 g4 42.Ne1 f5+ 43.Kd3 Ne7
44.Nc2 Nc6 45.Ke3 Kf6 46.a4 bxa4 47.bxa4 Ne7 48.a5 Rd8 49.Nb4 f4+ 50.Ke4 fxg3
51.fxg3 Nf5 52.Nc6 Rd6 53.Kf4 Nxd4 54.Ne5 Ne2+ 55.Ke3 Nxg3 56.Nc4 Rd5 57.Rc6 Nf5+
58.Kf2 g3+  0-1

[Event "63rd ch-RUS HL w"]
[Site "Yekaterinburg RUS"]
[Date "2013.06.20"]
[Round "1.13"]
[White "Poliushkina,Darjia"]
[Black "Ivakhinova,I"]
[Result "0-1"]
[WhiteElo "1940"]
[BlackElo "2291"]

1.e4 c5 2.Nf3 d6 3.Bb5+ Nc6 4.O-O Bd7 5.Re1 Nf6 6.h3 a6 7.Bf1 g6 8.c3 Bg7
9.d4 cxd4 10.cxd4 O-O 11.Nc3 Rc8 12.e5 Ne8 13.Bf4 dxe5 14.dxe5 Nc7 15.Qd2 Bf5
16.g4 Qxd2 17.Nxd2 Be6 18.Bg2 Rfd8 19.Nb3 Nd5 20.Nxd5 Bxd5 21.Rac1 Bxg2 22.Kxg2 Rd5
23.Bg3 g5 24.Rc5 Rcd8 25.Re3 a5 26.a4 Rxc5 27.Nxc5 b6 28.Nd3 e6 29.Ne1 Rd5
30.Nf3 h6 31.Rc3 Nxe5 32.Nxe5 Bxe5 33.Bxe5 Rxe5 34.Rb3 Re4 35.Rxb6 Rxa4 36.Rb5 Kg7
37.b3 Ra3 38.b4 axb4 39.Rxb4 Kg6 40.f3 h5 41.Rb2 h4 42.Re2 Rd3 43.Kf2 Kf6
44.Kg2 Ke7 45.Ra2 Kd6 46.Kf2 f6 47.Re2 e5 48.Ra2 e4 49.Ra6+ Ke5 50.Ra5+ Ke6
51.Ra6+ Kf7 52.fxe4 Rxh3 53.e5 Rg3 54.Ra4 fxe5 55.Ra7+ Ke6 56.Ra6+ Kd5 57.Ra5+ Kd6
58.Ra6+ Kc7 59.Ra4 Kc6 60.Ra6+ Kb5 61.Re6 Rxg4 62.Rxe5+ Kc6 63.Re3 Kd5 64.Kf1 Re4
65.Ra3 Ke5  0-1

[Event "16th Heraklion Open A 2013"]
[Site "Athens GRE"]
[Date "2013.06.21"]
[Round "6.6"]
[White "Kalofonos,P"]
[Black "Alexiadis,Hristos"]
[Result "1/2-1/2"]
[WhiteElo "1875"]
[BlackElo "1964"]

1.e4 c5 2.Nf3 d6 3.Bb5+ Bd7 4.Bxd7+ Qxd7 5.O-O Nf6 6.Qe2 Nc6 7.c3 e6 8.Rd1 Be7
9.d4 cxd4 10.cxd4 d5 11.e5 Ne4 12.Nc3 Nxc3 13.bxc3 O-O-O 14.a4 Kb8 15.Qb5 Rc8
16.Ba3 Rc7 17.Ne1 Bxa3 18.Rxa3 Ne7 19.Qxd7 Rxd7 20.a5 Rc8 21.Nd3 Rdc7 22.Nc5 Ng6
23.Rb3 Ka8 24.Re1 Nf8 25.Reb1 Nd7 26.Na4 Nb8 27.Nc5 Na6 28.Nxb7 Rb8 29.Nd6 Rxc3
30.Rxb8+ Nxb8 31.Nxf7 Nc6 32.h3 Nxd4 33.Nd6 Rc5 34.a6 Nc6 35.Rb7 d4 36.Ne8 Rc1+
37.Kh2 Nxe5 38.Nc7+ Rxc7 39.Rxc7 Kb8 40.Re7 Nc6 41.Rxe6 Kc7 42.Re1 Kb6 43.Ra1 Nb4
44.Kg3 d3 45.Kf3 Kc5 46.Ke4 Kc4 47.Rc1+ Nc2 48.Rd1 Nb4 49.Rc1+ Nc2  1/2-1/2